UM Logo

Lending for better or worse: Behavioral finance application to Kiblawan farmers effectiveness on loan decision and debt usage from informal lenders / (Record no. 23437)

MARC details
000 -LEADER
fixed length control field 00807nam a22001817a 4500
005 - DATE AND TIME OF LATEST TRANSACTION
control field 20260309101805.0
008 - FIXED-LENGTH DATA ELEMENTS--GENERAL INFORMATION
fixed length control field 250213b |||||||| |||| 00| 0 eng d
082 ## - DEWEY DECIMAL CLASSIFICATION NUMBER
Classification number UT 1741 Sa746 2024
100 ## - MAIN ENTRY--PERSONAL NAME
Personal name Sarno, Kissel Jade B.
9 (RLIN) 65240
245 ## - TITLE STATEMENT
Title Lending for better or worse: Behavioral finance application to Kiblawan farmers effectiveness on loan decision and debt usage from informal lenders /
Statement of responsibility, etc. Kissel Jade B. Sarno, Ivy Jane A. Baldevia, and ahljien Rose D. Redoble
260 ## - PUBLICATION, DISTRIBUTION, ETC. (IMPRINT)
Place of publication, distribution, etc. Digos City :
Name of publisher, distributor, etc. UMDC,
Date of publication, distribution, etc. ©September 2024.
300 ## - PHYSICAL DESCRIPTION
Extent viii, 85 pages :
Other physical details illustration ;
Dimensions 29 cm.
500 ## - GENERAL NOTE
General note Includes references and appendices.
650 #0 - SUBJECT ADDED ENTRY--TOPICAL TERM
Topical term or geographic name as entry element Business administration
General subdivision Undergraduate thesis.
9 (RLIN) 69965
700 ## - ADDED ENTRY--PERSONAL NAME
Personal name Baldevia, Ivy Jane A.
9 (RLIN) 65241
700 ## - ADDED ENTRY--PERSONAL NAME
Personal name Redoble, ahljien Rose D.
9 (RLIN) 65242
942 ## - ADDED ENTRY ELEMENTS (KOHA)
Source of classification or shelving scheme Dewey Decimal Classification
Koha item type Undergraduate Thesis
Holdings
Withdrawn status Lost status Source of classification or shelving scheme Damaged status Not for loan Collection code Home library Current library Date acquired Total Checkouts Full call number Barcode Date last seen Price effective from Koha item type
    Dewey Decimal Classification     Undergraduate Theses UM Digos College - LIC UM Digos College - LIC 11/18/2024   UT 1741 Sa746 2024 1741 02/14/2025 02/14/2025 Undergraduate Thesis